000 01029nam2a2200265 4500
001 RU\NLR\bibl\1175404
005 20250615090538.0
010 _a978-5-8459-1132-2
_93000
021 _aRU
_b2008-38453
_92120
035 _a(NLR Aleph) 001162063
090 _a1543827
_c1543827
100 _a20080114d2007 |||y0rusy50 ca
101 1 _arus
_ceng
102 _aRU
105 _aa |||||||||
200 1 _aГенерация всех cочетаний и разбиений
_f[пер. И.В. Красикова]
210 _d2007
_aБ. м.
215 _a199 с.
_cил.
320 _aПредм. указ.: с. 189-199
461 0 _1001RU\NLR\bibl\1170081
_12001#$aИскусство программирования$vТ. 4, вып. 3
_91512122
_aКнут, Д. Э.
_cМосква [и др.]
_d2007
_fДональд Э. Кнут
_nВильямс
_tИскусство программирования
_vТ. 4, вып. 3
801 0 _aRU
_bNLR
_c20080114
_gRCR
801 1 _aRU
_bNLR
_c20080114
942 _cBOOK
980 _aNB